El Fortalecimiento y la credibilidad en las instituciones políticas /

保存先:
書誌詳細
第一著者: Thesing, Josef
フォーマット: テキスト
主題:
タグ: タグ追加
タグなし, このレコードへの初めてのタグを付けませんか!

MARC

LEADER 00000 a a2200000 04500
001 1818
003
040
100 |a Thesing, Josef  
245 |a El Fortalecimiento y la credibilidad en las instituciones políticas /  |c Josef Thesing 
650 |a INSTITUCIONES PUBLICAS  
650 |a DEMOCRACIA  
650 |a SISTEMAS POLITICOS  
650 |a LEGITIMIDAD  
650 |a CONSENSO  
650 |a IDENTIDAD CULTURAL  
773 |g número 5; páginas 7-14  
999 |c 26930  |d 26930